Milan Lajčiak

Bibliographic Details
Format: Article
Language:Slovak
PhysicalDescription:Fotogr.
Subjects:

MARC

LEADER 00000nab a2200000 a 4500
001 vtls000190694
003 SK-MaSNL
005 20260304053747.0
008 250422c1984 xo 0 slo
015 |a SNBRB19rr/mm-uuuuu 
035 |a CL0200807 
035 |a urn:nbn:sk:snk-abbdts 
035 |a (urnnbn)urn:nbn:sk:snk:ar-000l7v 
035 |a (uuid)0819379c-0508-4262-839b-0f312592fcbc 
040 |a SNKBUCL  |b slo  |c SNKBUCL  |e AACR2 
041 0 |a slo 
044 |a xo  |c SK 
080 |a 82:016:885.4  |2 1981 
080 |a 016  |2 1981 
080 |a 885.4  |2 1981 
080 |a 82  |2 1981 
080 |a 929  |2 1981 
080 |a 929 Lajčiak, Milan  |2 1981 
245 0 0 |a Milan Lajčiak 
300 |b Fotogr. 
504 |a Bibliogr. odkazy 
600 1 7 |a Lajčiak, Milan,  |d 1926-1987  |2 snkbucl  |9 108090 
655 7 |a personálne bibliografie  |2 snkbucl  |9 70198 
773 0 |t Čitateľ  |g Roč. 33, č. 7-8 (1984), s. príl. s. /3/ 
850 |a Slovenská národná knižnica 
852 |a Slovenská národná knižnica 
954 |a odborná, vedecká literatúra pôvodná (slovenská)  |2 lita 
958 |a article15 
958 |a OND 
958 |a BX 
958 |a RK 
958 |a LX 
958 |a SF 
958 |a EUIPO 
992 |a RBX 
999 |c 2715134  |d 2717064